Lectures on Broadcast Journalism (Record no. 3831)

MARC details
000 -LEADER
fixed length control field 00412nam a22001697a 4500
005 - DATE AND TIME OF LATEST TRANSACTION
control field 20160624122413.0
008 - FIXED-LENGTH DATA ELEMENTS--GENERAL INFORMATION
fixed length control field 160624b xxu||||| |||| 00| 0 eng d
020 ## - INTERNATIONAL STANDARD BOOK NUMBER
ISBN 81-7273-244-9
041 ## - LANGUAGE CODE
Language code of text/sound track or separate title eng
082 ## - DEWEY DECIMAL CLASSIFICATION NUMBER
Item number 9795
100 ## - MAIN ENTRY--AUTHOR NAME
Personal name Ravindranath, P.K.
245 ## - TITLE STATEMENT
Title Lectures on Broadcast Journalism
260 ## - PUBLICATION, DISTRIBUTION, ETC. (IMPRINT)
Name of publisher Authors Press
Year of publication 2004
300 ## - PHYSICAL DESCRIPTION
Number of Pages 102
650 ## - SUBJECT ADDED ENTRY--TOPICAL TERM
Topical Term Mass Communication
942 ## - ADDED ENTRY ELEMENTS (KOHA)
Koha item type Books
Holdings
Lost status Damaged status Home library Current library Shelving location Date acquired Cost, normal purchase price Full call number Accession Number Koha item type
    JRU Library   SHELF-31-G 24/06/2016 100.00 9795 9795 Books
    JRU Library   SHELF-31-G 24/06/2016 100.00 9795 9796 Books
    JRU Library   SHELF-31-G 24/06/2016 100.00 9795 9797 Books
    JRU Library   SHELF-31-G 24/06/2016 100.00 9795 9798 Books